000 00299nam a22001457a 4500
008 210608b ||||| |||| 00| 0 eng d
020 _a9781259308512
041 _aeng
080 _a338
082 _a338
100 _a54
101 _aMEN
245 _aManagement
_cHill,M.G
942 _2udc
_cBK
999 _c58063
_d58063